000 00842nam a2200217 i 4500
001 182433
003 ES-MaACL
005 20250411232631.0
008 130814s1986 sp |||| | spa d
245 0 3 _aEl cuchillo barco de Il Corso del Coltello /
_cClaes Oldenburg, Coosje van Bruggen, Frank O. Gehry ; comisario Germano Celant.
260 _aMilano :
_bElecta ;
_a[Madrid] :
_bMinisterio de Cultura, cop. 1986.
300 _a78 p. :
_bil. col. y n. ;
_c21 x 30 cm.
500 _aRepresentación en el Palacio de Cristal, Parque del Retiro, Madrid, jun. 1986.
504 _aBibliografía.
700 0 _aCelant, Germano.
_937344
700 1 _aOldenburg, Claes,
_d1929-
_9153247
700 1 _aBruggen, Coosje van.
_9153248
700 1 _aGehry, Frank O. (
_d1929-)
_9153249
852 _aES-MaACL
_j2324-F-17
999 _c182433
_d182433